000 00673nam a2200277Ia 4500
005 20260324132709.0
008 008 260324s9999 xx 000 0 eng d
020 _a9780429223921
037 _aEBOOK
040 _aCRL
040 _beng
040 _cCRL
041 _2eng
041 _aeng
084 _qCRL
100 _aAbdullah M. Aitani; George J. Antos
_91190279
245 0 _aCatalytic Naphtha Reforming, Revised and Expanded
260 _bTaylor and Francis
260 _c2004
365 _a
365 _b640
856 _uhttp://www.taylorfrancis.com/books/9780429223921
942 _cEBOOK
999 _c1788604
_d1788604